01402nam a2200337 a 4500001001200000003000800012006001900020007001500039008004100054010001700095020004300112020004000155020002700195040002100222035002100243050002500264082001400289245013200303260004900435300003500484490005100519504005100570533015200621650002900773655002900802700002200831710001700853830005100870856012600921999001701047ebr10683158CaPaEBRm u cr cn|||||||||110302s2011 nyuad sb 001 0 eng d z 2011003595 z9781612093420 (hardcover : alk. paper) z1612093426 (hardcover : alk. paper) z9781622570782 (e-book) aCaPaEBRcCaPaEBR a(OCoLC)83930323114aQ325.5b.S867 2011eb04a006.422200aSupport vector machinesh[electronic resource] :bdata analysis, machine learning and applications /cBrandon H. Boyle, editor. aNew York :bNova Science Publishers,cc2011. ax, 202 p. :bill. (some col.).1 aComputer science, technology, and applications aIncludes bibliographical references and index. aElectronic reproduction.bPalo Alto, Calif. :cebrary,d2013.nAvailable via World Wide Web.nAccess may be limited to ebrary affiliated libraries. 0aSupport vector machines. 7aElectronic books.2local1 aBoyle, Brandon H.2 aebrary, Inc. 0aComputer science, technology and applications.40uhttp://site.ebrary.com/lib/rucke/Doc?id=10683158zAn electronic book accessible through the World Wide Web; click to view c32414d32414